Brand Logos That Start with H - Statistics

General Stats
  • This quiz has been taken 40,392 times
    40,161 since last reset
  • The average score is 14 of 20
Answer Stats
Picture Answer % Correct
Honda
99%
Hello Kitty
96%
Hyundai
95%
H&M
93%
Heineken
90%
Hot Wheels
89%
Haribo
86%
Harley-Davidson
86%
Hard Rock Cafe
84%
Hershey's
82%
Hertz
77%
Häagen-Dazs
73%
History Channel
59%
Hollister
55%
Hasbro
51%
Hermès
50%
Hilton
50%
HSBC
38%
Hanes
26%
Hallmark
20%
No matching quizzes found
Score Distribution
Percent of People with Each Score
Percentile by Number Answered
Your Score History
You have not taken this quiz since the last reset